000 00437nam a2200181Ia 4500
005 20240827033149.0
008 240331s9999 xx 000 0 und d
082 _bHAY
_a800
100 _aHaydn,H
245 2 _aA world of great stories
260 _aNew York
_bAvenel Books
_c1935
300 _ax, 950 p .,
650 _aLiterature
650 _aStories
700 _aHaydn, Hiram
_eedt
700 _aCournos, John
_eedt
942 _cL
999 _c4780
_d4780